006350000a22002650004500003000500000004000300005005001700008500003800025650001800063650001800081650001400099650001600113650001100129650002200140651001000162082002100172518001100193530000600204110007700210245003500287260002100322260000900343041000800352300000900360GiriBV20120907074914.0 aPrepared by HMG and USAID (Nepal) aSurface water aWater sources aHydrology aWater power aRivers aHydrological data aNepal a551.49bH989scN a940531 aM aMinistry of Water and Power, Dept. of Hydrology and Meteorology, , Nepal aSurface water records of Nepal aKathmandu, Nepal c1967 aEng av.p.